It looks like you're offline.
Open Library logo
additional options menu

MARC record from Internet Archive

LEADER: 01445cam a2200397 4500
001 9924614960001551
005 20160303200907.0
008 870123s1857 enk 000 0ceng d
009 110087
010 $a10019433
035 $987-B1490
035 $a(OCoLC)1661897
035 $a110087
035 $a(CMalG)110087-gettydb-Voyager
040 $cCMalG
050 0 $aN6923.B9$bH4
090 $aN6923.B9$bH4 1857
100 1 $aHarford, John S.$q(John Scandrett),$d1785-1866.
245 14 $aThe life of Michael Angelo Buonarroti;$bwith translations of many of his poems and letters. Also, memoirs of Savonarola, Raphael, and Vittoria Colonna.$cBy John S. Harford ...
260 $aLondon,$bLongman, Brown, Green, Longmans, and Roberts,$c1857.
300 $a2 v.$bfronts., plates (part fold.) ports., facsim.$c22cm.
600 00 $aMichelangelo Buonarroti,$d1475-1564.
600 10 $aSavonarola, Girolamo,$d1452-1498.
600 00 $aRaphael,$d1483-1520.
600 10 $aColonna, Vittoria,$d1492-1547.
905 1 $a1$b01/23/87 JJR$cMAI$eUO
906 1 $bGolden Legend$c7615 Sunset Blvd.$dLos Angeles, CA 90046
907 1 $d200.00
908 1 $apr/200.00,inv#870208,invd870208,inrd870219
909 1 $aAMH
921 $ab11115336$b05-09-98$c04-13-95$dcc$e10-28-96$fa
935 $ac
942 1 $bJanuary 14, 1987
960 1 $b0
981 1 $b1$c02/19/87 REC$dMAIN$eMAIN$fv.1$i01/23/87 ORD
981 1 $b1$c02/19/87 REC$dMAIN$eMAIN$fv.2